Laboratory manual of microbiology (Record no. 42998)

MARC details
000 -LEADER
fixed length control field 00494nam a2200181Ia 4500
020 ## - INTERNATIONAL STANDARD BOOK NUMBER
ISBN 9789380235189
082 ## - DEWEY DECIMAL CLASSIFICATION NUMBER
Classification number 579(035)
Item number ROY
100 ## - MAIN ENTRY--AUTHOR NAME
Personal name Prasad, M M
245 #0 - TITLE STATEMENT
Title Laboratory manual of microbiology
260 ## - PUBLICATION, DISTRIBUTION, ETC. (IMPRINT)
Place of publication New Delhi
Name of publisher New India Publishing Agency
Year of publication 2010
490 ## - SERIES STATEMENT
Series statement Practical manual series-5
650 ## - SUBJECT ADDED ENTRY--TOPICAL TERM
Topical Term Body fluids culture
650 ## - SUBJECT ADDED ENTRY--TOPICAL TERM
Topical Term Microbial growth
650 ## - SUBJECT ADDED ENTRY--TOPICAL TERM
Topical Term Microorganisms
700 ## - ADDED ENTRY--PERSONAL NAME
Personal name Roy, A K
942 ## - ADDED ENTRY ELEMENTS (KOHA)
Koha item type Books
Holdings
Withdrawn status Lost status Damaged status Not for loan Home library Current library Date acquired Cost, normal purchase price Full call number Accession Number Koha item type
        RRII Library RRII Library 16/12/2021 595.00 579(035) ROY 23262 Books